000 01290nam a2200385 i 4500
001 19557
003 KOSZ 005
005 20200720144857.0
008 000114s1980 pl a f |001 0 pol
015 _aPB 1981/9514
020 _a8320402182
040 _aWA N
_cWA N
_dKOSZ 005/HR
041 0 _apol
080 _a664.8/.9
080 _a639.2/.6
100 1 _aSikorski, Zdzisław Edmund
_d(1930- )
_eAutor
245 1 0 _aTechnologia żywności pochodzenia morskiego /
_cZdzisław E. Sikorski.
250 _aWyd. 3 zm., 2 wyd. pol.
260 _aWarszawa :
_bWydawnictwa Naukowo-Techniczne,
_c1980.
300 _a567, [1] s. :
_bil., 1 mapa, tab., wykr. ;
_c24 cm.
336 _2rdacontent
_aTekst
_btxt
337 _2rdamedia
_aBez urządzenia pośredniczącego
_bn
338 _2rdacarrier
_aWolumin
_bnc
380 _aKsiążki
380 _aPublikacje fachowe
388 _a1901-2000
388 _a1945-1989
504 _aBibliogr. przy rozdz. - Indeks.
650 4 _aRyby morskie
650 4 _aTechnologia żywności
658 _aRolnictwo i leśnictwo
710 2 _aWydawnictwa Naukowo-Techniczne
_4pbl
856 _uhttp://koha.tu.koszalin.pl/cgi-bin/koha/opac-detail.pl?biblionumber=19557
_yKatalog online BPK
942 _2UKD
_cKS
999 _c19557
_d19557